THE CONFESSION (Record no. 33705)

MARC details
000 -LEADER
fixed length control field 00247nam a22001217a 4500
003 - CONTROL NUMBER IDENTIFIER
control field SGT
082 ## - DEWEY DECIMAL CLASSIFICATION NUMBER
Classification number 823
Item number GRI
100 ## - MAIN ENTRY--PERSONAL NAME
Personal name GRISHAM JOHN
245 ## - TITLE STATEMENT
Title THE CONFESSION
260 ## - PUBLICATION, DISTRIBUTION, ETC. (IMPRINT)
Place of publication, distribution, etc LONDON
Name of publisher, distributor, etc CENTURY PUB
Year of Publication 2010
300 ## - PAGE DESCRIPTION
No. of Pages 418
942 ## - ADDED ENTRY ELEMENTS (KOHA)
Source of classification or shelving scheme Dewey Decimal Classification
Koha item type Books
Holdings
Withdrawn status Lost status Source of classification or shelving scheme Damaged status Not for loan Collection code Home library Current library Shelving location Date acquired SGTU Total Checkouts Full call number Accession No. (Barcode) Date last seen Date last borrowed Bill Date Koha item type
    Dewey Decimal Classification     MASS COMMUNICATION SGT Science & Social Sciences Library SGT Science & Social Sciences Library Text Book 29/01/2026 SGTU 2 823 GRI MC1460 02/06/2026 05/05/2026 29/01/2026 Books